KOHA-Header-6

A Short History of Islam (Record no. 7535)

000 -LEADER
fixed length control field 00260nam a2200109Ia 4500
100 ## - MAIN ENTRY--AUTHOR NAME
Personal name S.F. Mehmud
245 #2 - TITLE STATEMENT
Title A Short History of Islam
260 ## - PUBLICATION, DISTRIBUTION, ETC. (IMPRINT)
Place of publication Karachi
Name of publisher Supreme Court
Year of publication 1995
300 ## - PHYSICAL DESCRIPTION
Number of Pages 258
942 ## - ADDED ENTRY ELEMENTS (KOHA)
Koha item type Books
Holdings
Withdrawn status Lost status Collection code Permanent Location Current Location Shelving location Date acquired Full call number Accession Number Koha item type
    Islamic Studies MAJU MAJU   2019-09-12 910.2 1434 Islamic Studies

Powered by Koha